| 000 | 00536cam a2200217ua 4500 | ||
|---|---|---|---|
| 020 | _c32.00 | ||
| 041 |
_aeng _h |
||
| 082 |
_a633.08 _bMOR/CR |
||
| 100 | _aMorachan, V.B . | ||
| 245 |
_aCrop production and Management / _cV.B.Morachan. _hTextual Documents |
||
| 250 |
_a1 / _b. |
||
| 260 |
_aNewyork : _bOxford & IBH Publishing company , _c1984. |
||
| 300 | _a267 ; . | ||
| 365 | _a32.00 | ||
| 504 | _a | ||
| 942 | _cBK | ||
| 999 |
_c1373 _d1373 |
||